000 00691nmm a2200289 a 4500
003 AR-BaBNM
005 20251128205453.0
008 307119s1996 ||||||||||||||000 | spa||
020 _a950-20-0962-2
040 _cAR-BaBNM
100 1 _aGagliardo, Mariano
245 1 0 _aSociedades en el Mercosur
260 _aBuenos Aires
_bAbeledo-Perrot
_c1996
300 _a125 p.
650 4 _aINTEGRACION ECONOMICA
650 4 _aECONOMIA
650 4 _aSISTEMAS ECONOMICOS
650 4 _aEMPRESAS
650 4 _aORGANIZACIONES
650 4 _aCOMERCIO
650 4 _aPLANIFICACION
651 4 _aBrasil
651 4 _aArgentina
653 _aMERCOSUR
942 _cBK
998 _cmariana
999 _c11532
_d11532